00826nam a22002657b 450000100090000000300090000900500170001800700090003500800280004401600100007202000150008204000250009708200270012210000300014924000070017924501550018625000060034126000420034730000270038949000140041650000210043065000460045165000280049770000350052500522042DO-SdBNP20240527130824.000522042961009s2000 sp || ||spa 7 2BPMSU a9506413150 aBPMSUbspacBPMSUe  4a658.81bB534c 20002221 a Berry, Leonard Ld 1942-10l 10aCómo descubrir el alma del servicio : b los nueve motores del éxito empresario sostenido /cLeonard L Berry ; traducción Adriana Oklander h  a  aBuenos Aires :bJuan Granica, c2000. a379 p. : bil.;c25 cm0 aMasterv  aIncluye índice 4aServicio al clientexControl de calidad.  4aÉxito en los negocios1 aOklander, Adriana etraductor